The unexpected trouble
| Main Author: | |
|---|---|
| Other Authors: | |
| Format: | Book |
| Published: |
Selangor :
Fine Tune Publications ,
2020
|
| Series: | Smart social media user media
|
| Subjects: |
MARC
| LEADER | 00000cam a2200000 7i4500 | ||
|---|---|---|---|
| 001 | 0000278559 | ||
| 005 | 20200921150736.0 | ||
| 020 | |a 9789670946474 | ||
| 090 | 0 | 0 | |a JF |b KUM |
| 100 | 0 | |a Kumara Velu | |
| 245 | 1 | 4 | |a The unexpected trouble |c Kumara Velu; illustrated by Ridzuan Amin |
| 260 | |a Selangor : |b Fine Tune Publications , |c 2020 | ||
| 300 | |a 53p. ; |c 19cm. | ||
| 490 | 0 | |a Smart social media user media | |
| 650 | 0 | |a Children's stories | |
| 700 | 0 | |a Ridzuan Amin | |
| 999 | |a 00384739 |b BUKU |c PINJAMAN |e PERPUSTAKAAN KOMUNITI PETALING JAYA | ||